000 00437nam a2200169Ia 4500
008 151213s9999 xx 000 0 und d
020 _a025602588-6
100 _aEldon S. Handriksen
245 _aAccounting Theory
_cEldon S. Handriksen
250 _a1st
260 _aNew Delhi
_bKhonla Publishing House
_c1984
300 _a5462 p.
650 _aAccounting
650 _aAccounting
700 _aEldon S. Handriksen
999 _c3284
_d3284